000 00601nam a2200205Ia 4500
003 OSt
005 20221007082836.0
006 a|||||r|||| 00| 0
007 ta
008 221006b |||||||| |||| 00| 0 eng d
024 _a30,283
037 _cDissertations
040 _aFLL
_cFLL
_beng
041 _2eng
_aeng
100 _aRakesh Kumar Singh
_9542583
245 0 _aDoctrine of legitimate expectation
_b a device for ensuring fairness and judicial review in administrative action
300 _aviii,97p
_ccm.
942 _cDIS
_2CC
999 _c1167911
_d1167911